|
|
|
|
| LEADER |
01689nam a2200409 a 4500 |
| 001 |
EBC3040295 |
| 003 |
MiAaPQ |
| 005 |
20200520144314.0 |
| 006 |
m o d | |
| 007 |
cr cn||||||||| |
| 008 |
070622s2007 gw sb 001 0dger d |
| 010 |
|
|
|z 2007464372
|
| 020 |
|
|
|z 9783110199550 (hd.bd.)
|
| 020 |
|
|
|z 3110199556 (hd.bd.)
|
| 020 |
|
|
|z 9783110921724 (e-book)
|
| 035 |
|
|
|a (MiAaPQ)EBC3040295
|
| 035 |
|
|
|a (Au-PeEL)EBL3040295
|
| 035 |
|
|
|a (CaPaEBR)ebr10585329
|
| 035 |
|
|
|a (OCoLC)923706231
|
| 040 |
|
|
|a MiAaPQ
|c MiAaPQ
|d MiAaPQ
|
| 041 |
1 |
|
|a ger
|a lat
|h lat
|
| 050 |
|
4 |
|a BX4700.E56
|b S34 2007
|
| 100 |
1 |
|
|a Schroder, Bianca-Jeanette.
|
| 245 |
1 |
0 |
|a Bildung und Briefe im 6. Jahrhundert
|h [electronic resource] :
|b Studien zum Mailander Diakon Magnus Felix Ennodius /
|c von Bianca-Jeanette Schroder.
|
| 260 |
|
|
|a Berlin ;
|a New York :
|b De Gruyter,
|c c2007.
|
| 300 |
|
|
|a xi, 399 p.
|
| 490 |
1 |
|
|a Millennium-Studien =
|a Millennium studies,
|x 1862-1139 ;
|v Bd. 15
|
| 500 |
|
|
|a Habilitation.
|
| 504 |
|
|
|a Includes bibliographical references (p. [380]-390) and indexes.
|
| 533 |
|
|
|a Electronic reproduction. Ann Arbor, MI : ProQuest, 2015. Available via World Wide Web. Access may be limited to ProQuest affiliated libraries.
|
| 546 |
|
|
|a Text in German ; quotations from letters in Latin followed by German translation.
|
| 600 |
1 |
0 |
|a Ennodius, Magnus Felix,
|c Saint,
|d 474-521
|v Correspondence.
|
| 650 |
|
0 |
|a Latin letters
|x Criticism and interpretation.
|
| 655 |
|
4 |
|a Electronic books.
|
| 710 |
2 |
|
|a ProQuest (Firm)
|
| 830 |
|
0 |
|a Millennium-Studien ;
|v Bd. 15.
|
| 856 |
4 |
0 |
|u https://ebookcentral.proquest.com/lib/matrademy/detail.action?docID=3040295
|z Click to View
|